000 00541nam a2200193Ia 4500
003 GCL
008 140319s9999 xx 000 0 ara d
040 _aGCL /
_cGCL
082 0 4 _a921.95
_bل س
100 1 _aمحمود محمود
245 1 0 _aسقراط الرجل الذى جرؤ على السؤال /
_cمحمود محمود
700 1 _aحسن جلال العروسى
700 1 _aكوراميسن
300 _a171 ص
490 _a
650 0 4 _aالفلسفة اليونانية
650 0 4 _aسقراط
942 _2ddc
_cBK
999 _c41035
_d41035